Pokemon Click Quiz - Psychic - Statistics

General Stats
  • This quiz has been taken 64 times
    62 since last reset
  • The average score is 14 of 18
Answer Stats
Hint Answer % Correct
Electric Raichu (Alolan)
91%
Grass Exeggutor
88%
None/Single Type Mew
88%
Fairy Kirlia
85%
Fire Armarouge
82%
Ice Mr. Rime
82%
Normal Oranguru
82%
Dragon Latios
79%
Fighting Medicham
79%
Poison Slowking (Galarian)
79%
Bug Dottler
76%
Water Veluza
76%
Dark Inkay
74%
Ghost Lunala
74%
Flying Sigilyph
74%
Steel Solgaleo
74%
Ground Baltoy
71%
Rock Lunatone
71%
No matching quizzes found
Score Distribution
Percent of People with Each Score
Percentile by Number Answered
Your Score History
You have not taken this quiz since the last reset